Statistics for Countries with no World Heritage Sites (*updated 2019)

Click here to take the quiz!

General Stats

  • This quiz has been taken 11 times
  • The average score is 12 of 23

Answer Stats

Answer % Correct
Grenada
82%
South Sudan
82%
Saint Vincent and the Grenadines
73%
Tonga
73%
Djibouti
73%
Comoros
64%
Sao Tome and Principe
64%
Timor-Leste
55%
Kuwait
55%
Samoa
55%
Brunei
55%
Trinidad and Tobago
45%
Maldives
45%
Eswatini
45%
Monaco
36%
Liberia
36%
Guyana
36%
Sierra Leone
36%
Somalia
36%
Bhutan
36%
Rwanda
27%
Guinea-Bissau
27%
Burundi
27%

Score Distribution

Percentile by Number Answered

Percent of People with Each Score

Your Score History

You have not taken this quiz